Red Dead Redemption 1 Locations - Statistics

General Stats
  • This quiz has been taken 35 times
  • The average score is 21 of 85
Answer Stats
Region Type of Settlement Location % Correct
Cholla Springs Major Settlement Armadillo
81%
Hennigan's Stead Major Settlement Macfarlane's Ranch
76%
Great Plains Major Settlement Blackwater
71%
Gang Hideout Tumbleweed
71%
Punta Orgullo Major Settlement Escalera
67%
Gang Hideout Fort Mercer
57%
Diez Coronaz Major Settlement Casa Madrugada
52%
Major Settlement Chuparosa
52%
Major Settlement Beecher's Hope
48%
Gaptooth Ridge Major Settlement Gaptooth Breach
48%
Major Settlement Manzanita Post
48%
Tall Trees Major Settlement Cochinay
43%
Major Settlement El Matadero
43%
Major Settlement El Presidio
43%
Major Settlement Las Hermanas
43%
Gang Hideout Nosalida
43%
Major Settlement Rathskeller Fork
43%
Gang Hideout Twin Rocks
43%
Major Settlement Plainview
38%
Major Settlement Torquemada
38%
Abandoned Location Coots Chapel
33%
Gang Hideout Pike's Basin
33%
Gang Hideout Solomon's Folly
33%
Minor Settlement Tanner's Reach
33%
Gang Hideout Tesoro Azul
33%
Perdido Major Settlement Agave Viejo
29%
Minor Settlement Aurora Basin
29%
Abandoned Location Mercer Station
29%
Major Settlement Ridgewood Farm
29%
Abandoned Location Sepulcro
29%
Abandoned Location Two Crows
29%
Abandoned Location Bearclaw Camp
24%
Natural Landmark Broken Tree
24%
Natural Landmark Lake Don Julio
24%
Minor Settlement Odd Fellow's Rest
24%
Major Settlement Pacific Union Railroad Camp
24%
Natural Landmark Repentance Rock
24%
Minor Settlement Rio Del Lobo
24%
Natural Landmark Sidewinder Gulch
24%
Abandoned Location Wreck of the Serendipity
24%
Bridge Butter Bridge
19%
Minor Settlement Campo Mirada
19%
Natural Landmark Crooked Toes
19%
Natural Landmark Del Lobo Rock
19%
Bridge Mason's Bridge
19%
Natural Landmark Mesa de la Luna
19%
Natural Landmark Nekoti Rock
19%
Natural Landmark Ojo del Diablo
19%
Abandoned Location Rancho Polvo
19%
Abandoned Location Riley's Charge
19%
Abandoned Location Barranca
14%
Bridge Dixon Crossing
14%
Natural Landmark Jorge's Gap
14%
Natural Landmark Laguna Borrego
14%
Natural Landmark Mesa del Sol
14%
Minor Settlement Mescalero
14%
Abandoned Location Plata Grande
14%
Minor Settlement Puerto Cuchillo
14%
Bridge Ramita de la Baya
14%
Natural Landmark Rio del Toro
14%
Minor Settlement Silent Stead
14%
Minor Settlement Stillwater Creek
14%
Bridge Tanner's Span
14%
Minor Settlement The Scratching Post
14%
Minor Settlement Warthington Ranch
14%
Minor Settlement Critchley's Ranch
10%
Natural Landmark Cueva Seca
10%
Minor Settlement Greenhollow
10%
Natural Landmark Hamlin's Passing
10%
Natural Landmark Hendidura Grande
10%
Natural Landmark Manteca Falls
10%
Minor Settlement Pleasance House
10%
Natural Landmark Rattlesnake Hollow
10%
Natural Landmark The Hanging Rock
10%
Major Settlement Theives' Landing
10%
Minor Settlement Benidict Pass
5%
Rio Bravo Major Settlement Benidict Point
5%
Minor Settlement Brittlebrush Trawl
5%
Bridge Fontera Bridge
5%
Natural Landmark Montana Ford
5%
Abandoned Location Primera Quebrada
5%
Natural Landmark Roca de Madera
5%
Minor Settlement Venter's Place
5%
Natural Landmark Alta Cabeza
0%
Minor Settlement Old Bacchus Place
0%
No matching quizzes found
Score Distribution
Percent of People with Each Score
Percentile by Number Answered
Your Score History
You have not taken this quiz